Central Library OPAC University of Rajshahi

Speaking in God's name : (Record no. 45913)

MARC details
000 -LEADER
fixed length control field 01548nam a2200313 a 4500
001 - CONTROL NUMBER
control field 45913
003 - CONTROL NUMBER IDENTIFIER
rucl marc code BD-RjUL
005 - DATE AND TIME OF LATEST TRANSACTION
control field 20211209054102.0
008 - FIXED-LENGTH DATA ELEMENTS--GENERAL INFORMATION
fixed length control field 160727s2006 enk||||| bd|| 001 0 eng d
035 ## - SYSTEM CONTROL NUMBER
System control number (BD-RjUL)46031
040 ## - CATALOGING SOURCE
Original cataloging agency VaAlASP
Language of cataloging eng
Transcribing agency VaAlASP
Description conventions rda
Modifying agency BD-RjUL
-- UkOxU
041 ## - LANGUAGE CODE
Language code of text/sound track or separate title eng
082 ## - DEWEY DECIMAL CLASSIFICATION NUMBER
Edition number 23
Classification number 305.486971
Author mark and year ABS 2006
100 1# - MAIN ENTRY--PERSONAL NAME
Personal name Abou El Fadl, Khaled,
Dates associated with a name 1963-
9 (RLIN) 140406
245 10 - TITLE STATEMENT
Title Speaking in God's name :
Remainder of title Islamic law, authority, and women /
Statement of responsibility, etc. Khaled Abou El Fadl.
260 ## - PUBLICATION, DISTRIBUTION, ETC. (IMPRINT)
Place of publication, distribution, etc. Oxford :
Name of publisher, distributor, etc. Oneworld,
Date of publication, distribution, etc. 2006
300 ## - PHYSICAL DESCRIPTION
Pagination xiii, 361 p. ;
Size 24 cm.
500 ## - GENERAL NOTE
General note Online access provided by Alexander Street Press as part of: Twentieth century religious thought. Volume II, Islam.
504 ## - BIBLIOGRAPHY, ETC. NOTE
Bibliography, etc Includes bibliographical references (pages 310-340), glossary, and index.
520 ## - SUMMARY, ETC.
Summary, etc. Drawing on both religious and secular sources, this challenging book argues that divinely ordained law is frequently misinterpreted by Muslim authorities at the expense of certain groups, including women. Khaled Abou El Fadl cites a series of injustices in Islamic society and ultimately proposes a return to the original ethics at the heart of the Muslim legal system.
650 #0 - SUBJECT ADDED ENTRY--TOPICAL TERM
Topical term or geographic name as entry element Women (Islamic law)
9 (RLIN) 140407
Topical term or geographic name as entry element Women in Islam.
9 (RLIN) 124514
Topical term or geographic name as entry element Muslim women.
9 (RLIN) 126529
710 2# - ADDED ENTRY--CORPORATE NAME
Corporate name or jurisdiction name as entry element Alexander Street Press.
9 (RLIN) 140408
776 08 - ADDITIONAL PHYSICAL FORM ENTRY
Relationship information Original version:
International Standard Book Number 9781851682621
830 #0 - SERIES ADDED ENTRY--UNIFORM TITLE
Uniform title Twentieth century religious thought.
856 40 - ELECTRONIC LOCATION AND ACCESS
Uniform Resource Identifier <a href="http://www.aspresolver.com/aspresolver.asp?TCR2;3211680">http://www.aspresolver.com/aspresolver.asp?TCR2;3211680</a>
942 ## - ADDED ENTRY ELEMENTS (KOHA)
Source of classification or shelving scheme Dewey Decimal Classification
Koha item type Books
Holdings
Lost status Source of classification or shelving scheme Damaged status Not for loan Collection code Permanent Location Current Location Shelving location Date acquired Source of acquisition Cost, normal purchase price Total Checkouts Full call number Date last seen Copy number Koha item type
  Dewey Decimal Classification     Non-fiction Central Library, University of Rajshahi Central Library, University of Rajshahi   20/02/2008 Paragon Enterprise Lit., Dhaka 395.00   305.486971 ABS 2006 28/07/2016 C-2 Books